000 00449cas a22001815a 4500
001 L139413
008 070726c xxkar p 0 a0eng u
035 _a(Sirsi) u139413
041 0 _aeng
110 2 _aLand Agents' Society
245 0 0 _aList of Members etc.
260 _aS.l.
_bLand Agents' Society
_c[19-?]-
362 0 _aMarch 1909-1969
554 _aOne per year
651 4 _aEngland and Wales
_y1543-
690 _aPROPERTY
942 _n0
999 _c119089
_d119089